Prix Renaudot à savoir - Statistiques

Statistiques générales
  • Ce quiz a été pris 12 fois
  • Le résultat moyen est 19 sur 35
Statistiques - réponses
Date Oeuvre Info Auteur % Correct
1965 Les Choses Georges Perec
100%
1932 Voyage au bout de la nuit Louis-Ferdinand Céline
100%
2010 Apocalypse Bébé Virginie Despentes
100%
2021 Premier Sang Amélie Nothomb
80%
1984 La Place Annie Ernaux
80%
1936 Les Beaux Quartiers Louis Aragon
80%
1929 La Table-aux-crevés Marcel Aymé
80%
2007 Chagrin d'école Daniel Pennac
60%
2014 Charlotte David Foenkinos
60%
2015 D'après une histoire vraie Delphine de Vigan
60%
2011 Limonov Emmanuel Carrère
60%
1992 La démence du boxeur Goncourt 2005 avec 3 jours chez ma mère François Weyergans
60%
2024 Jacaranda Gaël Faye
60%
2004 Suite française Récompense posthume, morte en 42 Irène Némirovsky
60%
1963 Le Procès-verbal J. M. G. Le Clézio
60%
1957 La Modification Michel Butor
60%
2005 Mes mauvaises pensées Nina Bouraoui
60%
2003 Les Âmes grises Philippe Claudel
60%
2019 La Panthère des neiges Sylvain Tesson
60%
2013 Naissance Yann Moix
60%
2000 Allah n'est pas obligé Premier ivoirien Ahmadou Kourouma
40%
2006 Alain Mabanckou Premier congolais Alain Mabanckou
40%
2009 Un roman français Frédéric Beigbeder
40%
1930 Piège Première femme Germaine Beaumont
40%
1949 Le Jeu de patience Louis Guilloux
40%
1931 L'Innocent Goncourt 39 avec Les Enfants Gatés Philippe Hériat
40%
2022 Performance Simon Liberati
40%
2016 Babylone Yasmina Reza
40%
2023 Les insolents Ann Scott
20%
1978 L'Herbe à brûler Premier belge Conrad Detrez
20%
1974 Le Voyage à l'étranger Premier suisse Georges Borgeaud
20%
1988 Hadriana dans tous mes rêves Premier haïtien René Depestre
20%
2012 Notre-Dame du Nil Première rwandaise Scholastique Mukasonga
20%
2008 Le Roi de Kahel Premier guinéen Tierno Monénembo
20%
1968 Le Devoir de violence Premier africain, malien Yambo Ouologuem
20%
Aucun quiz correspondant
Distribution des résultats
% des personnes avec chaque résultat
Percentile par nombre de réponses
Votre historique - résultats
Vous n’avez pas pris ce quiz